[Event "London Classic op"]
[Site "London"]
[Date "2017.12.08"]
[Round "8"]
[White "Edwards, Simon R"]
[Black "Crismann, Alessandro Claudio"]
[Result "1-0"]
[WhiteElo "1966"]
[BlackElo "1821"]
[PlyCount "71"]
[EventDate "2017.12.02"]
[EventType "swiss"]
[EventRounds "9"]
[EventCountry "ENG"]
[SourceTitle "CBM 182 Extra"]
[Source "ChessBase"]
[SourceDate "2018.02.23"]
[SourceVersion "1"]
[SourceVersionDate "2018.02.23"]
[SourceQuality "1"]

1. e4 c5 2. Nf3 Nc6 3. d4 cxd4 4. Nxd4 g6 5. Nc3 Bg7 6. Be3 Nf6 7. Bc4 0-0 8. Bb3 d6 9. f3 Bd7 10. h4 Na5 11. h5 Nxb3 12. Nxb3 Nxh5 13. Qd2 Bc6 14. Bh6 a5 15. Rxh5 Qb6 16. Rh1 a4 17. Bxg7 Kxg7 18. Qd4+ Qxd4 19. Nxd4 a3 20. b3 Rfc8 21. 0-0-0 Ra5 22. Nxc6 Rxc6 23. Rd5 Ra8 24. Nb5 Rac8 25. c4 Ra8 26. Rhd1 Rb6 27. Kb1 Kf6 28. g4 h6 29. Nc3 Raa6 30. Rh1 e6 31. Rdd1 Kg7 32. Rd2 Ra8 33. Nb5 Ra5 34. Nxd6 Rc5 35. Nb5 Rc8 36. Nxa3 1-0

[Event "London Classic op"]
[Site "London"]
[Date "2017.12.05"]
[Round "5"]
[White "Hughes, Anthony"]
[Black "Edwards, Simon R"]
[Result "1/2-1/2"]
[WhiteElo "1810"]
[BlackElo "1966"]
[PlyCount "36"]
[EventDate "2017.12.02"]
[EventType "swiss"]
[EventRounds "9"]
[EventCountry "ENG"]
[SourceTitle "CBM 182 Extra"]
[Source "ChessBase"]
[SourceDate "2018.02.23"]
[SourceVersion "1"]
[SourceVersionDate "2018.02.23"]
[SourceQuality "1"]

1. d4 Nf6 2. c4 e6 3. Nc3 Bb4 4. e3 0-0 5. a3 Bxc3+ 6. bxc3 c5 7. Bd3 d5 8. cxd5 Qxd5 9. Nf3 cxd4 10. cxd4 b6 11. 0-0 Bb7 12. Qe2 Nbd7 13. Bb2 Ne4 14. Ba6 Rac8 15. Rfc1 Ndf6 16. Bxb7 Qxb7 17. Ne5 Rxc1+ 18. Rxc1 Rc8 1/2-1/2

[Event "GBR-ch Major 104th"]
[Site "Llandudno"]
[Date "2017.08.01"]
[Round "4"]
[White "Edwards, Simon R"]
[Black "Somton, Anita"]
[Result "1/2-1/2"]
[WhiteElo "1973"]
[BlackElo "1705"]
[PlyCount "22"]
[EventDate "2017.07.29"]
[EventType "swiss"]
[EventRounds "9"]
[EventCountry "WLS"]
[SourceTitle "CBM 179 Extra"]
[Source "ChessBase"]
[SourceDate "2017.08.23"]
[SourceVersion "1"]
[SourceVersionDate "2017.08.23"]
[SourceQuality "1"]

1. e4 d5 2. exd5 Qxd5 3. Nc3 Qd6 4. d3 Nf6 5. Nf3 c6 6. g3 Bg4 7. Bg2 e6 8. Bf4 Bxf3 9. Bxd6 Bxd1 10. Bxf8 Kxf8 11. Rxd1 Nbd7 1/2-1/2

[Event "BCF-chT3N 1617 (4NCL)"]
[Site "England"]
[Date "2017.01.15"]
[Round "4.33"]
[White "Cukovs, Oleg"]
[Black "Edwards, Simon R"]
[Result "0-1"]
[WhiteElo "1990"]
[BlackElo "2087"]
[PlyCount "124"]
[EventDate "2016.11.26"]
[EventType "team-swiss"]
[EventRounds "11"]
[EventCountry "ENG"]
[SourceTitle "EXT 2019"]
[Source "ChessBase"]
[SourceDate "2018.10.10"]
[SourceVersion "1"]
[SourceVersionDate "2018.10.10"]
[SourceQuality "1"]
[WhiteTeam "Manchester Manticores III"]
[BlackTeam "Cheddleton II"]
[WhiteTeamCountry "ENG"]
[BlackTeamCountry "ENG"]

1. e4 c5 2. c3 Nf6 3. e5 Nd5 4. d4 cxd4 5. Qxd4 e6 6. Bc4 Nc6 7. Qe4 Nb6 8. Bb3 d5 9. exd6 Bxd6 10. Nf3 Nd7 11. 0-0 Nc5 12. Qe2 Nxb3 13. axb3 0-0 14. Rd1 Qc7 15. Na3 Bxa3 16. bxa3 Na5 17. Qc2 b6 18. c4 Bb7 19. Ng5 g6 20. Bb2 Qf4 21. Bc1 Qe5 22. Be3 f6 23. Nh3 Qe4 24. Qxe4 Bxe4 25. Bh6 Rfd8 26. f3 Bc2 27. Rxd8+ Rxd8 28. Re1 Rd1 29. Rxd1 Bxd1 30. b4 Nxc4 31. Bc1 h5 32. Nf4 Kf7 33. Kf2 Ba4 34. Ke2 Bb5 35. Kd1 Nd6 36. Kd2 Bc4 37. g3 e5 38. Ng2 Bd5 39. Ke2 Nf5 40. Be3 Nxe3 41. Nxe3 Bb3 42. g4 hxg4 43. fxg4 Ke6 44. h4 f5 45. gxf5+ gxf5 46. h5 Kf6 47. h6 Be6 48. Nd1 Kg6 49. Nc3 Kxh6 50. Kd3 Kg5 51. Nb5 a6 52. Nc7 Bc8 53. a4 Bb7 54. a5 bxa5 55. bxa5 e4+ 56. Ke3 f4+ 57. Ke2 Kf5 58. Ne8 Ke5 59. Ng7 Bc6 60. Kf2 e3+ 61. Ke2 Ke4 62. Nh5 f3+ 0-1

[Event "London Classic op 8th"]
[Site "London"]
[Date "2016.12.14"]
[Round "7"]
[White "Edwards, Simon R"]
[Black "Rogacewicz, Mikolaj"]
[Result "1-0"]
[WhiteElo "1976"]
[BlackElo "1765"]
[PlyCount "53"]
[EventDate "2016.12.09"]
[EventType "swiss"]
[EventRounds "9"]
[EventCountry "ENG"]
[SourceTitle "CBM 176 Extra"]
[Source "ChessBase"]
[SourceDate "2017.03.02"]
[SourceVersion "1"]
[SourceVersionDate "2017.03.02"]
[SourceQuality "1"]

1. e4 e6 2. d4 d5 3. Nc3 Bb4 4. e5 c5 5. Bd2 Nh6 6. Nb5 Bxd2+ 7. Qxd2 0-0 8. dxc5 Nd7 9. Qc3 f6 10. exf6 Nxf6 11. Bd3 e5 12. 0-0-0 e4 13. Be2 Nfg4 14. Bxg4 Nxg4 15. Nh3 Nxf2 16. Nxf2 Rxf2 17. Qg3 Rf5 18. Nc7 Rg5 19. Rxd5 Rxd5 20. Nxa8 Qe7 21. b4 Qf6 22. Kb1 Qd4 23. a3 e3 24. Nc7 Rd8 25. Nb5 Qd2 26. Nd6 e2 27. Qb3+ 1-0

[Event "BCF-ch Weekend op"]
[Site "Bournemouth"]
[Date "2016.07.30"]
[Round "3"]
[White "O'Gorman, Brendan"]
[Black "Edwards, Simon R"]
[Result "0-1"]
[WhiteElo "1805"]
[BlackElo "1966"]
[PlyCount "42"]
[EventDate "2016.07.29"]
[EventType "swiss"]
[EventRounds "5"]
[EventCountry "ENG"]
[SourceTitle "CBM 173 Extra"]
[Source "ChessBase"]
[SourceDate "2016.08.29"]
[SourceVersion "1"]
[SourceVersionDate "2016.08.29"]
[SourceQuality "1"]

1. e4 c5 2. Ne2 g6 3. c4 Bg7 4. d4 cxd4 5. Nxd4 Nc6 6. Be3 Nf6 7. Nc3 Ng4 8. Qxg4 Nxd4 9. Qd1 e5 10. Bd3 0-0 11. 0-0 d6 12. Qd2 Qh4 13. Bg5 Qh5 14. Be7 Bh6 15. Qd1 Bg4 16. f3 Be3+ 17. Kh1 Bf4 18. h4 f6 19. Qe1 Nxf3 20. Rxf3 Bxf3 21. Bxf8 Qg4 0-1

[Event "BCF-chT3Nc 1516 (4NCL)"]
[Site "England"]
[Date "2016.04.30"]
[Round "9.88"]
[White "Edwards, Simon R"]
[Black "Flores, Marcial"]
[Result "1-0"]
[WhiteElo "2020"]
[BlackElo "2087"]
[PlyCount "99"]
[EventDate "2016.03.20"]
[EventType "team-swiss"]
[EventRounds "11"]
[EventCountry "ENG"]
[SourceTitle "EXT 2017"]
[Source "ChessBase"]
[SourceDate "2016.10.25"]
[SourceVersion "1"]
[SourceVersionDate "2016.10.25"]
[SourceQuality "1"]
[WhiteTeam "Cheddleton II"]
[BlackTeam "Manchester Manticores"]
[WhiteTeamCountry "ENG"]
[BlackTeamCountry "ENG"]

1. e4 Nc6 2. d4 d5 3. Nc3 e6 4. Nf3 Bb4 5. Bd3 Nf6 6. e5 Ne4 7. Bd2 Bxc3 8. bxc3 h6 9. 0-0 Bd7 10. c4 Nxd2 11. Qxd2 0-0 12. cxd5 exd5 13. h3 Ne7 14. Nh4 c5 15. f4 c4 16. Be2 Nf5 17. Nxf5 Bxf5 18. Bf3 Rc8 19. g4 c3 20. Qg2 Be4 21. Bxe4 dxe4 22. Qxe4 Rc4 23. Rfd1 Qb6 24. Qd5 Rb4 25. a3 Rb2 26. Qe4 Rd8 27. Qd3 Qc6 28. f5 Rxd4 29. Qxd4 Rxc2 30. Qd5 Qb6+ 31. Qd4 Qb2 32. Qe3 Rg2+ 33. Kf1 Rh2 34. Qf3 Qb5+ 35. Kg1 Qxe5 36. Re1 Qc7 37. Rac1 c2 38. Re8+ Kh7 39. Rc8 Rxh3 40. Qxh3 Qxc8 41. Qd3 Qc5+ 42. Kg2 h5 43. Rxc2 Qe5 44. gxh5 Kh6 45. Re2 Qc7 46. Qe3+ Kh7 47. Qe4 Kh6 48. Rb2 b6 49. Rc2 Qd6 50. Rc6 1-0

[Event "London Classic op 7th"]
[Site "London"]
[Date "2015.12.11"]
[Round "9"]
[White "Edwards, Simon R"]
[Black "Hill, Alistair"]
[Result "0-1"]
[WhiteElo "1945"]
[BlackElo "2157"]
[PlyCount "90"]
[EventDate "2015.12.04"]
[EventType "swiss"]
[EventRounds "9"]
[EventCountry "ENG"]
[SourceTitle "CBM 169 Extra"]
[Source "ChessBase"]
[SourceDate "2015.12.18"]
[SourceVersion "1"]
[SourceVersionDate "2015.12.18"]
[SourceQuality "1"]

1. e4 c5 2. Nf3 Nc6 3. d4 cxd4 4. Nxd4 Nf6 5. Nc3 e5 6. Ndb5 d6 7. Bg5 a6 8. Na3 b5 9. Bxf6 gxf6 10. Nd5 f5 11. Bd3 Be6 12. c3 Bg7 13. Nxb5 axb5 14. Bxb5 Rc8 15. Qa4 Bd7 16. exf5 0-0 17. 0-0 e4 18. Rfe1 Re8 19. Rxe4 Re5 20. Rxe5 Nxe5 21. Bxd7 Nxd7 22. Qe4 Nf6 23. Nxf6+ Bxf6 24. Rd1 Qe7 25. Qg4+ Kh8 26. g3 Rb8 27. b3 Bxc3 28. Qc4 Be5 29. Qd5 Qa7 30. a4 Kg7 31. Rd3 Qc5 32. Qe4 Rb4 33. Qf3 Kf6 34. Qh5 Qc1+ 35. Rd1 Qc2 36. Qh6+ Ke7 37. f6+ Bxf6 38. Rc1 Qf5 39. Rc7+ Ke8 40. Qd2 Rd4 41. Qc1 Kf8 42. Qh6+ Kg8 43. Ra7 Rd1+ 44. Kg2 Qe4+ 45. Kh3 Bd4 0-1

[Event "London Classic op 7th"]
[Site "London"]
[Date "2015.12.09"]
[Round "7"]
[White "Edwards, Simon R"]
[Black "Myers, Dominique"]
[Result "0-1"]
[WhiteElo "1945"]
[BlackElo "2132"]
[PlyCount "52"]
[EventDate "2015.12.04"]
[EventType "swiss"]
[EventRounds "9"]
[EventCountry "ENG"]
[SourceTitle "CBM 169 Extra"]
[Source "ChessBase"]
[SourceDate "2015.12.18"]
[SourceVersion "1"]
[SourceVersionDate "2015.12.18"]
[SourceQuality "1"]

1. e4 e5 2. Nf3 Nc6 3. d4 exd4 4. Nxd4 Qh4 5. Be3 Qxe4 6. Nd2 Qe7 7. Nf5 Qf6 8. Bd3 d5 9. Ng3 Qxb2 10. 0-0 Nf6 11. Re1 Be7 12. Bc5 Be6 13. Bxe7 Nxe7 14. Rb1 Qxa2 15. Rxb7 0-0 16. Rxc7 Ng6 17. Nb3 a5 18. Nh5 Nxh5 19. Qxh5 Qb2 20. Nc5 Qb6 21. Bxg6 hxg6 22. Qe5 Rfe8 23. Na4 Qb4 24. Qa1 Bh3 25. Rc3 Rxe1+ 26. Qxe1 d4 0-1

[Event "BCF-chT3Na 1516 (4NCL)"]
[Site "England"]
[Date "2015.11.14"]
[Round "1.57"]
[White "Edwards, Simon R"]
[Black "Adams, Philip"]
[Result "1/2-1/2"]
[WhiteElo "2020"]
[BlackElo "2050"]
[PlyCount "52"]
[EventDate "2015.11.14"]
[EventType "team-swiss"]
[EventRounds "7"]
[EventCountry "ENG"]
[SourceTitle "CBM 169 Extra"]
[Source "ChessBase"]
[SourceDate "2015.12.18"]
[SourceVersion "1"]
[SourceVersionDate "2015.12.18"]
[SourceQuality "1"]
[WhiteTeam "Cheddleton II"]
[BlackTeam "3CS Oldham II"]
[WhiteTeamCountry "ENG"]
[BlackTeamCountry "ENG"]

1. e4 c5 2. Nf3 d6 3. d4 cxd4 4. Nxd4 Nf6 5. Nc3 Nc6 6. Bg5 e6 7. f4 h6 8. Bh4 Be7 9. Bf2 a6 10. Be2 Qc7 11. Qd2 Bd7 12. 0-0-0 Rc8 13. g4 Nxd4 14. Bxd4 e5 15. Be3 b5 16. g5 hxg5 17. fxg5 b4 18. gxf6 bxc3 19. Qxc3 Qxc3 20. bxc3 gxf6 21. Bxa6 Rxc3 22. Rd3 Rxd3 23. cxd3 Rh3 24. Kd2 d5 25. Bf2 Bb4+ 26. Kc2 Ba4+ 1/2-1/2